Investigación filosófica: manual del profesor para acompañar a El descubrimiento de Harry Stottlemeier. Capítulo IX
Guardat en:
| Autors principals: | , |
|---|---|
| Format: | Llibre |
| Idioma: | espanyol |
| Publicat: |
Madrid
De la Torre
1988
|
| Col·lecció: | Proyecto Didáctico Quirón. Programa Filosofía para Niños
|
| Matèries: | |
| Etiquetes: |
Afegir etiqueta
Sense etiquetes, Sigues el primer a etiquetar aquest registre!
|
MARC
| LEADER | 00000nam a2200000 a 4500 | ||
|---|---|---|---|
| 001 | UCN1826 | ||
| 003 | CL-VaPUC | ||
| 008 | 010504e19880000SP |||||||||||||||||spa|d | ||
| 082 | 0 | 4 | |a 808.0683 |b LIP |2 21 |
| 700 | 0 | |a Sharp, Ann Margaret |e author |9 457249 | |
| 700 | 0 | |a Oscanyan, Frederick S |e author |9 457250 | |
| 245 | 1 | 0 | |a Investigación filosófica: manual del profesor para acompañar a El descubrimiento de Harry Stottlemeier. Capítulo IX |
| 300 | |a pág. irreg | ||
| 942 | |c BK | ||
| 945 | |d 20010504 00:00:00 |a cmena | ||
| 260 | |a Madrid |b De la Torre |c 1988 | ||
| 500 | |a En forma separada texto: El descubrimiento de Harry | ||
| 500 | |a Capítulo IX, ideas principales. 1: Llorar. 2: ¿Qué es un símbolo?. 3: ¿Es falta de respeto estar en desacuerdo?. 4: Ceremonia y rito. 5: ¿Qué es una costumbre?. 6: ¿Tiene siempre razón la mayoría?. 7: Los derechos de los niños. 8: ¿Cómo podemos ayudar a los niños a que piensen por sí mismos?. 9: Consideración de las consecuencias al tomar decisiones. 10: Libertad | ||
| 650 | 0 | |a Literatura infantil |9 307465 | |
| 650 | 7 | |a FILOSOFIA PARA NIÑOS |2 CL-VaPUC |9 457251 | |
| 650 | 0 | |a Métodos de enseñanza |9 270413 | |
| 583 | |a last modification |c 20010504 00:00:00 |k Rodrigo Vera | ||
| 490 | 0 | |a Proyecto Didáctico Quirón. Programa Filosofía para Niños | |
| 999 | |c 295051 |d 295049 | ||
| 952 | |0 0 |1 0 |4 0 |6 808_068300000000000_LIP_1988 |7 0 |8 P |9 347936 |a BIBEDU |b BIBEDU |c BIBEDU_PB |d 2019-11-20 |i 3698696 |o 808.0683 LIP 1988 |p 3698696 |r 2024-01-25 |w 2019-11-20 |y BK |k EPE | ||
| 952 | |0 0 |1 0 |4 0 |6 808_068300000000000_LIP_1988 |7 0 |8 P |9 347937 |a BIBEDU |b BIBEDU |c BIBEDU_PB |d 2019-11-20 |i 3723488 |o 808.0683 LIP 1988 |p 3723488 |r 2024-01-25 |w 2019-11-20 |y BK |k EPE | ||